000 00377nam a2200145Ia 4500
008 230917s9999||||xx |||||||||||||| ||und||
040 _e41598
_aMAIN
041 _aEnglish
082 _a809.3 H97P
100 _aHutcheon, Linda
245 2 _aA poetics of postmodernism-history , theory fiction
260 _aNew York
_bRoutledge
_c1992
300 _axiii, 268 p.
942 _cBK
999 _c75983
_d75983